Rights of child: (Record no. 25838)

MARC details
000 -LEADER
fixed length control field 00758nam a22002057a 4500
008 - FIXED-LENGTH DATA ELEMENTS--GENERAL INFORMATION
fixed length control field 090422t xxu||||| |||| 00| 0 eng d
010 ## - LCCN (DPL NO)
LC control number ENG-92723
020 ## - INTERNATIONAL STANDARD BOOK NUMBER
Terms of availability 30.00
035 ## - SYSTEM CONTROL NUMBER
System control number EN-76256
037 ## - SOURCE OF ACQUISITION
Source of stock number/acquisition DBAD / PUB
040 ## - CATALOGING SOURCE
Original cataloging agency dpl
Language of cataloging English
082 ## - DEWEY DECIMAL CLASSIFICATION NUMBER
Classification number 342.5408772
100 ## - MAIN ENTRY--PERSONAL NAME
Personal name Leelavathi Chari
245 ## - TITLE STATEMENT
Title Rights of child:
Remainder of title adopton, wills /
Statement of responsibility, etc by Leelavathi Chari
260 ## - PUBLICATION, DISTRIBUTION, ETC. (IMPRINT)
Place of publication, distribution, etc Dharwad
Name of publisher, distributor, etc Jagrut Bharat
Date of publication, distribution, etc 2008
270 ## - ADDRESS
Address Ist Cross, Sadhanakeri
City Dharwad
Postal code 580008
300 ## - PHYSICAL DESCRIPTION
Extent vii, 70p.
Dimensions 20cm (pbk)
942 ## - ADDED ENTRY ELEMENTS (KOHA)
Source of classification or shelving scheme Dewey Decimal Classification
Item type English Books
Classification part 342.5408772
Call number suffix LEE
Holdings
Withdrawn status Lost status Source of classification or shelving scheme Damaged status Not for loan Collection code Home library Current library Date acquired Source of acquisition Cost, normal purchase price Total Checkouts Full call number Barcode Date last seen Copy number Cost, replacement price Koha item type
    Dewey Decimal Classification   Not For Loan Non-fiction D.B.Act.Division D.B.Act.Division 22/04/2009 DBAD / PUB 30.00   342.5408772 LEE EN-76256 22/04/2009 1 30.00 English Books

© Delhi Public Library
Hit Counter
free hit counter